000 00753nam a22002297a 4500
003 UA-OsUOA
001 112165
007 ta
008 20150622b un ||||| |||| 00| 0 ukr d
100 _aЄфименко Т.І
700 _aЛеоненко П.М.
090 _a330
_bЕ99
942 _cSA
040 _aUA-OsUOA
_bukr
_cUA-OsUOA
_dUA-OsUOA
245 _aМетодологічний фундамент економічних поглядів М.І, Тугана-Барановського (до 150-річчя від дня народження)
300 _aС.7-34
955 _a0
041 _aukr
080 _a330
773 0 _w112164
_tФінанси України
_dК.
_d2015
_g4
650 7 _a330 Економіка взагалі
_2UDC
999 _c398247
_d398247